Megasteden op de Wereldkaart - Statistieken

Algemene statistieken
  • Deze quiz is 4.818 keer genomen
  • De gemiddelde score is 19 van 37
Antwoorden op de kaart
Antwoorden kleurgecodeerd door een groen-rode schaal op de quizkaart volgens % correct hieronder.
 
Antwoordstatistieken
Inwoners Land Megastad % Correct
14.8 m United Kingdom Londen
98%
11.4 m France Parijs
98%
22.1 m United States New York
97%
17.3 m Russia Moskou
95%
23.0 m Mexico Mexico-Stad
91%
40.4 m Japan Tokio
90%
13.2 m Brazil Rio de Janeiro
82%
21.0 m Egypt Caïro
80%
17.7 m United States Los Angeles
80%
19.8 m China Peking
79%
16.8 m Argentina Buenos Aires
70%
16.4 m Turkey Istanboel
67%
31.3 m Indonesia Jakarta
66%
24.8 m South Korea Seoel
60%
10.1 m Peru Lima
59%
33.6 m China Shanghai
56%
18.8 m Thailand Bangkok
54%
30.3 m India Delhi
53%
22.4 m Brazil São Paulo
53%
13.9 m South Africa Johannesburg
51%
15.3 m Iran Teheran
47%
25.1 m India Bombay
46%
25.7 m Philippines Manilla
45%
12.4 m DR Congo Kinshasa
38%
19.4 m Nigeria Lagos
36%
17.7 m Japan Osaka
35%
20.2 m Bangladesh Dhaka
31%
16.8 m India Calcutta
27%
46.7 m China Guangzhou
22%
17.8 m Pakistan Karachi
21%
12.2 m India Bangalore
17%
13.0 m Pakistan Lahore
16%
11.3 m India Madras
15%
10.5 m Japan Nagoya
11%
12.7 m China Tianjin
11%
10.2 m India Haiderabad
10%
10.0 m China Xiamen
10%
Geen overeenkomende quizzen gevonden
Scoreverdeling
Procent van Mensen met Elke Score
Percentiel versus Aantal Correcte Antwoorden
Uw Scoregeschiedenis
U heeft deze quiz nog niet genomen